000 01104cad a22002175a 4500
001 L156777
008 120713e2012 xxk 000 0 eng d
035 _a(Sirsi) u156777
041 0 _aeng
100 1 _aBrown, James
245 0 0 _aGlobal retail banking
_bkey trends and implications for retail banking real estate
_h[electronic resource]
260 _aLondon
_bJLL
_c2012
520 _aPresents a plausible vision of where retail banking is going internationally and what the knock-on effects will be for real estate markets. Covers the economic and political context, the key drivers of change - customers, technology and image. Concludes with the implications for real estate: branch numbers ; structural change in retail bank networks; branch networks; and banking environments.
590 _aNTK KA
651 4 _aInternational
690 _aCommercial property
_96227
700 1 _aElliott, Lee
700 1 _aBurnet, Colin
856 4 0 _uhttps://www.joneslanglasalle.eu/ResearchLevel1/JLL_Global_Retail_%20Banking_low_res_5_July.pdf
_zView the report at www.joneslanglasalle.eu
942 _n0
999 _c84152
_d84152